000
00199nam a22000857a 4500
008
170201b xxu||||| |||| 00| 0 eng d
100
_9
2716
_a
Moore.J.E.
245
_a
Geology-I-3
260
_a
USA
_b
Evan
_c
1998
999
_c
5881
_d
5881